| 000 | 01726cam a2200409 4500 | ||
|---|---|---|---|
| 001 | L127179 | ||
| 008 | 030217n2004 000 0 eng u | ||
| 020 | _a0115155120 | ||
| 035 | _a(Sirsi) u127179 | ||
| 041 | _aeng | ||
| 050 |
_a306.0212 _c18 |
||
| 110 |
_aUnited Kingdom _bDepartment of Trade and Industry |
||
| 245 |
_aConstruction statistics annual _b2004 edition |
||
| 260 |
_aNorwich _bTSO _c2004 |
||
| 300 |
_a254p. _c30cm. |
||
| 505 | _aNew orders | ||
| 505 | _aOutput | ||
| 505 | _aStructure of the industry | ||
| 505 | _aPrice indices | ||
| 505 | _aCost indices | ||
| 505 | _aInvestment | ||
| 505 | _aCommercial floor space | ||
| 505 | _aGovernment department's construction plans | ||
| 505 | _aLocal authority expenditure | ||
| 505 | _aNational Lottery funded construction projects | ||
| 505 | _aPlanning applications and decisions | ||
| 505 | _aTrends in employment and the profession | ||
| 505 | _aNorthern Ireland, Wales and Scotland | ||
| 505 | _aBuilding materials | ||
| 505 | _aInternational comparison | ||
| 505 | _aDTI Construction Innovation and Research Programme | ||
| 505 | _aKey performance indicators and benchmarking | ||
| 520 | _aGives a broad perspective of statistical trends in the construction industry in Great Britain through the last decade together with some international comparisions and features on leading initiatives which may influence the future. Also available to view on the DTI website www.dti.gov.uk/construction. | ||
| 690 | _aBUILT ENVIRONMENT-CONSTRUCTION MARKET | ||
| 856 |
_uhttps://www.constructingexcellence.org.uk/pdf/document/constat2004.pdf _zView the statistics free of charge at: www.constructingexcellence.org.uk |
||
| 942 | _n0 | ||
| 999 |
_c103712 _d103712 |
||